[Event "Ciocaltea Memorial"]
[Site "Bucharest"]
[Date "1999.03.07"]
[Round "4"]
[White "Vukovic, Zdravko"]
[Black "Vasilescu, Lucian Mihail"]
[Result "0-1"]
[WhiteElo "2483"]
[BlackElo "2381"]
[Annotator "Ribli,Z"]
[PlyCount "134"]
[EventDate "1999.03.04"]
[EventType "tourn"]
[EventRounds "13"]
[EventCountry "ROU"]
[EventCategory "10"]
[SourceTitle "CBM 070"]
[Source "ChessBase"]
[SourceDate "1999.06.08"]
[SourceVersion "1"]
[SourceVersionDate "1999.06.08"]
[SourceQuality "1"]

{[%mdl 4096]} 1. e4 c5 2. Nf3 Nc6 3. d4 cxd4 4. Nxd4 Qc7 5. Be2 {Eine seltene
Zugfolge, aber Schwarz hat nichts besseres als zu Hauptvarianten überzugehen.
Ribli.} e6 6. Nc3 a6 7. O-O Nf6 8. Kh1 {Ein prophylaktischer Zug.} Nxd4 9. Qxd4
Bc5 10. Qd2 {Der weiße Spieler bevorzugt diese Fortsetzung, wenngleich die
Hauptvariante 9.Qd3 wäre.} O-O (10... Be7 11. f4 d6 12. Bd3 b5 13. Qe2 Bb7 14.
a3 O-O 15. Bd2 Rad8 16. Rae1 e5 $1 17. Nd5 Nxd5 18. exd5 Bxd5 19. Bxh7+ Kxh7
20. Qd3+ e4 21. Qxd5 f5 22. Re3 Qc4 $1 23. Rh3+ Kg6 24. Rg3+ Kh7 {1/2-1/2
Vukovic,Z-Matulovic,M/Jugoslavija 1994/Inf 62 (24)}) (10... d6 11. Qg5 (11. Bd3
Bd7 12. Qg5 O-O-O 13. Be3 Bxe3 14. Qxe3 h5 15. h3 h4 16. Kg1 Kb8 17. Rfd1 Rh5
18. Be2 Re5 19. Qd4 {1-0 Ivanovic,B-Kontic,D/Niksic 1992/EXT 97 (41)}) 11...
Bd4 12. Bd3 Qc5 13. Qg3 h5 14. Be3 Bd7 15. Bxd4 Qxd4 16. Rad1 h4 17. Qxg7 Ke7
18. Ne2 Qc5 19. b4 Qxb4 20. Nf4 {1-0 Nikac,P-Kontic,D/Niksic 1992/EXT 97 (20)})
(10... h6 11. f4 Bb4 12. Qd4 Bxc3 13. bxc3 b5 14. Ba3 Bb7 15. Bd6 Qc6 16. Bf3
Nxe4 17. Qxg7 O-O-O 18. Rad1 Rhg8 19. Qe5 f6 20. Qd4 Qxd6 21. Qxd6 Nxd6 22.
Rxd6 Kc7 23. Rd4 {1/2-1/2 Vukovic,Z-Kontic,D/Niksic 1992/EXT 97 (43)}) 11. Qg5
{Eine sonderbare Fortsetzung. Weiß strebt nach Initiative am Königsflügel,
aber ich glaube nicht, daß so viele Damenzüge in der Eröffnung gefährlich für
Schwarz sind.} (11. a3 b5 12. f4 Bb7 13. Bf3 Rad8 14. Qe1 d5 15. e5 Nd7 16. Bd2
Nb6 17. Nd1 d4 18. Bxb7 Qxb7 19. Nf2 Nc4 {0-1 Ivanovic,B-Franzoni,G/Novi Sad
olm JUB-SWZ 1990/TD 90\06 (42)}) (11. b3 $2 Bb4 {[%csl Rc3,Re4]} 12. Nb5 Qa5
13. c3 Nxe4 14. cxb4 Qxb5 (14... Nxd2 15. bxa5 Nxf1 16. Nc7 Rb8 17. Ba3 Nd2 18.
f3 $16 {[%csl Rd2]}) 15. Bxb5 Nxd2 16. Bxd2 axb5 17. Rfc1 $15) 11... Bd4 {
[%csl Gd4]} (11... d6 12. Qg3 b5 13. Bh6 Ne8 $11) 12. Bd3 Qe5 (12... Bxc3 $6
13. bxc3 Qxc3 14. Rb1 $44 {[%cal Gc1b2,Gb2g7] Weiß hat das Läuferpaar und gute
Angriffchancen für den Bauern.}) 13. Qh4 (13. Qxe5 Bxe5 14. Bd2 d6 $11 (14...
b5 15. f4 $14)) 13... Qh5 14. Qg3 {Weiß ist konsequent und vermeidet
Damentausch.} (14. Qxh5 Nxh5 15. Bd2 b5 $11) 14... d5 (14... b5 $11) 15. f3 {
Weiß verbessert das Spiel aus einer früheren Partie.} (15. exd5 exd5 16. Ne2
Be5 17. Bf4 Re8 18. Bxe5 Qxe5 19. Qxe5 Rxe5 20. Nd4 Bd7 21. Rfe1 Rae8 22. Rxe5
Rxe5 23. f3 Kf8 24. Kg1 Ke8 25. Kf2 Kd8 26. a4 {1-0 Vukovic,Z-Zafirovski,M/
Niksic 1997/EXP 59 (66)}) 15... Be5 16. Bf4 Bxf4 17. Qxf4 e5 $11 {Schwarz hat
bequemes Spiel. Er ein starkes Zentrum und es stellen sich ihm keine Probleme.}
18. Qg3 d4 19. Ne2 Bd7 $6 (19... Be6 $5 20. c3 (20. f4 Nxe4 21. Bxe4 Qxe2 22.
Bd3 $11) 20... dxc3 21. Nxc3 Nd7 $11) 20. c3 dxc3 21. Nxc3 {[%csl Yd5] Weiß
hat etwas Aktivität am Damenflügel, während die schwarze Dame etwas
unglücklich auf h5 steht.} Be6 (21... Bc6 22. Bc4 $14 {[%csl Gc4][%cal Gc4g8]})
22. Rfd1 Rfd8 23. Be2 h6 {[%cal Gh5g5] Schwarz plant ...Qg5.} 24. Qf2 {[%cal
Gf2b6]} Nd7 25. Rd6 Qg5 26. Rad1 $14 Nf8 (26... Qe7 $5 27. Nd5 $4 Qxd6 28. Nf6+
Nxf6 29. Rxd6 Rxd6 $19) 27. Qb6 {[%cal Rb6b7]} Rxd6 28. Qxd6 Ng6 {[%cal Gg6f4,
Gf4e2,Gf4g2]} 29. Bf1 Rc8 (29... Nf4 $5) 30. Qb6 Qe7 31. Kg1 Qc7 $11 {Endlich
hat Schwarz seine Dame befreit und damit ausgeglichene Chancen. Weiß
kontrolliert zwar die d-Linie, hat aber keine konkreten Drohungen.} 32. Qxc7
Rxc7 33. Rd8+ (33. Kf2 Kf8 34. Rd8+ Ke7 $11) 33... Nf8 34. g3 (34. Nd5 Bxd5 35.
Rxd5 (35. exd5 Rd7 36. Rxd7 Nxd7 $15 {[%cal Gg8f8,Gf8e7,Ge7d6]}) 35... Rc2 $132
) 34... g5 35. Nd5 $2 (35. Kf2 $11) 35... Rc2 $1 $15 {[%csl Gc2]} (35... Bxd5
36. exd5 Rd7 37. Rxd7 Nxd7 38. Bh3 $36 Nb6 39. d6 Kf8 40. Bc8 $1 Nc4 (40...
Nxc8 $4 41. d7 $18 {[%cal Rd7d8,Rd7c8]}) 41. Bxb7 a5 $14) 36. Ne7+ (36. Nf6+
Kg7 37. Ne8+ Kg6 $15) 36... Kg7 37. Nf5+ Bxf5 38. exf5 Rxb2 39. Bc4 (39. f6+
Kg8 $15 {Die Fesselung kann Weiß nicht ausnutzen und sein Bauer f6 ist schwach.
}) 39... Rb6 40. Bd5 $2 (40. Bb3 $5) 40... Rb1+ 41. Kf2 Rd1 {[%cal Gd1d8]
Wegen der unangenehmen Fesseleung muß Weiß früher oder später die Türme
tauschen.} 42. Rd6 (42. f6+ Kxf6 (42... Kg8 $2 43. Bxf7+ {[%cal Rd8d1,Rf7g8]}
Kxf7 44. Rxd1 $18) 43. Rxf8 Rxd5 $19) 42... h5 {Schwarz macht das Feld h6 für
den König frei.} (42... Nh7 $2 43. Rd7 $132) 43. f6+ Kh6 44. Rd8 Ng6 45. Rd7 b5
46. Be6 {Weiß hat nichts besseres als den Turmtausch.} (46. Ke2 Rd4) 46... Rxd7
47. Bxd7 Nf8 {[%csl Rf6][%cal Rf8d7,Rf8h7,Rh7f6]} 48. Bf5 (48. Bc8 a5 49. Ba6
b4 50. Ke3 Nd7 $17 {Und der weiße König kommt nicht weiter, denn auf 51.Ke4
oder 51.Kd3 gewinnt Schwarz mit der Springergabel 51...Nc5+.}) 48... Nh7 49.
Bc8 a5 50. Ba6 b4 51. Bc4 Nxf6 (51... Kg6 $6 52. Bd3+ Kh6 53. Bc4) 52. Bxf7 Nd7
{[%cal Gd7c5] Schwarz hat wegen des Mehrbauern gute Gewinnchancen. Besonders
seine Bauernmehrheit am Damenflügel ist gefährlich.} 53. Ke3 Nc5 {[%csl Gc5]
Der Springer schränkt die Bewegungsfreiheit des weißen Königs ein.} 54. h4 $5 {
Dieser Zug legt die schwarze Bauernschwäche auf h5 fest.} a4 55. Kd2 g4 $1 {
Schwarz kann nicht vermeiden, daß einer seiner Königsflügelbauern auf den
weißen Feldern verbleibt, aber im Falle von fxg4 hxg4 hat er einen neuen
Freibauern in der e-Linie.} (55... gxh4 56. gxh4 $17) 56. Bd5 Kg6 57. fxg4 hxg4
58. Kc2 Kf5 59. Bc4 e4 60. Bb5 (60. Kd2 a3 61. Kc2 (61. Ke3 b3 $19) 61... e3
$19) 60... e3 {[%csl Ge3]} 61. Kd1 a3 $19 {Weiß kann nichts gegen die
Freibauernbildung machen.} 62. Kc2 Kg6 (62... b3+ $1 {Später gewinnt Schwarz
die Partie mit diesem Motiv.} 63. axb3 a2 64. Kb2 Nxb3 $1 65. Kxa2 e2 66. Bxe2
Nc1+ {[%cal Rc1e2,Rc1a2]}) 63. Bc4 Kh6 (63... b3+ 64. axb3 a2 65. Kb2 Nxb3 $1
$19) 64. Be2 Kh5 65. Bc4 {[#]} b3+ $1 {Dieser Zug beendet die Partie.} 66. axb3
(66. Bxb3 Nxb3 67. Kxb3 (67. axb3 a2 $19) 67... e2 $19) 66... a2 67. Kb2 Nxb3
$1 {Weiß gab auf. Er verliert seinen Läufer.} (67... Nxb3 $1 68. Kxa2 (68. Bxb3
e2 $19) 68... e2 69. Bxe2 Nc1+ $19 {[%cal Rc1e2,Rc1a2]}) 0-1

[Event "ISR-ch"]
[Site "Tel Aviv"]
[Date "1994.??.??"]
[Round "10"]
[White "Gruenfeld, Yehuda"]
[Black "Tseitlin, Mark D"]
[Result "1-0"]
[WhiteElo "2550"]
[BlackElo "2465"]
[Annotator "Ribli,Z"]
[PlyCount "117"]
[EventDate "1994.10.??"]
[EventType "swiss"]
[EventRounds "11"]
[EventCountry "ISR"]
[SourceTitle "CBM 045 Extra"]
[Source "ChessBase"]
[SourceDate "1995.05.01"]
[SourceVersion "1"]
[SourceVersionDate "1995.05.01"]
[SourceQuality "1"]

1. e4 c5 2. Nf3 Nc6 3. d4 cxd4 4. Nxd4 e6 5. Nc3 Qc7 6. g3 d6 7. Bg2 a6 8. O-O
Bd7 9. Nxc6 Bxc6 10. Re1 Be7 11. Qg4 h5 12. Qe2 (12. Qxg7 $2 Bf6 $19) 12... h4
13. a4 $5 Rc8 $6 {Eine Neuerung gegenueber 13...hg3} (13... hxg3 14. hxg3 Nf6
15. Bd2 $10 {Nunn,J-Van der Wiel,J/Rotterdam WCup/1989/CBM13/}) 14. Be3 Nf6 15.
a5 Nd7 16. Bd4 Bf6 17. Bxf6 Nxf6 18. Qd2 Qe7 $6 {Schwarz soll seinen Koenig
nich ewig in der Mitte halten.} (18... hxg3 19. hxg3 O-O $13 {Mit der Idee (/\)
Rd8,d5}) 19. Rad1 Rd8 20. Nd5 $1 {Typisch} Bxd5 21. exd5 e5 22. c4 $1 {Weiss
hat Bauernmerheit am Damenfluegel und droht das schwarze Zentrum aufzu
sprengen.} hxg3 23. hxg3 Ng4 $6 {Beginn taktischer Komplikationen, die fuer
Schwarz wegen dessen schlechter Entwicklung unguenstig enden.} (23... O-O 24.
b4 $14 {Mit der Idee (/\) 25.c5}) 24. c5 $1 {Das schwarze Zentrum bricht wie
einem Kartenhaus zusammen.} Qf6 25. cxd6 Rxd6 26. f3 Nh6 27. Rxe5+ $1 Qxe5 (
27... Kf8 28. Rde1 $18) 28. Re1 f6 29. Rxe5+ fxe5 30. Qb4 Nf7 31. Qxb7 O-O {
Im Endergebnis hat Gruenfeld Dame und Bauern gegen zwei Tuerme. Weiss soll den
Sieg mit guter Technik erreichen.} 32. b4 Rfd8 33. f4 exf4 34. gxf4 R8d7 35.
Qc8+ Rd8 36. Qc7 R8d7 37. Qc4 Rg6 38. Qe4 Kh7 39. Qd3 Rdd6 40. Kf2 {Droht (/\)
41.Be4} Kg8 41. b5 $1 {Mit diesem Durchbruch beginnt die Endphase.} axb5 42.
Qxb5 Rgf6 43. Qe8+ Kh7 44. Be4+ g6 45. Kg3 Kg7 46. Qe7 Rd8 47. Qb7 Kh6 48. Qb2
Ra6 49. Bd3 Rad6 50. Bc4 R6d7 51. Qf6 Nh8 52. a6 Rd6 53. Qg5+ Kg7 54. Qe5+ Kg8
55. a7 Nf7 56. Qe7 Rc8 57. Bb5 Rxd5 58. Bc4 $1 {Elegant} Rf5 59. Qe6 {Ribli}
1-0

[Event "Biel"]
[Site "Biel"]
[Date "1994.??.??"]
[Round "2"]
[White "Forster, Richard"]
[Black "Cramling, Pia"]
[Result "0-1"]
[WhiteElo "2380"]
[BlackElo "2525"]
[Annotator "Ribli,Z"]
[PlyCount "92"]
[EventDate "1994.07.??"]
[EventType "tourn"]
[EventRounds "11"]
[EventCountry "SUI"]
[EventCategory "10"]
[SourceTitle "CBM 043"]
[Source "ChessBase"]
[SourceDate "1994.12.01"]
[SourceVersion "1"]
[SourceVersionDate "1994.12.01"]
[SourceQuality "1"]

1. e4 c5 2. Nf3 e6 3. d4 cxd4 4. Nxd4 Nc6 5. Nc3 Qc7 6. Be2 a6 7. O-O b5 8.
Nxc6 dxc6 9. f4 (9. a4 $5 Rb8 10. f4 $14 {Braga,F-Karpov,An/Dubai ol/1986/
INF42,209/}) 9... Bb7 10. Be3 Be7 $1 (10... Rd8 11. Qe1 c5 12. Bf3 Nf6 13. e5
$14 {Short,N-Zapata,A/Subotica izt/1987/CBM03/INF43,(230)/}) 11. Qe1 (11. Bd3
c5 $13) (11. Bf3 c5 12. e5 $13) 11... c5 12. Bf3 b4 13. Nb1 Nf6 14. Nd2 c4 15.
e5 Nd5 16. Bd4 Rd8 17. c3 (17. g3 $2 Nxf4 18. Bxb7 Nh3+ $1 19. Kg2 Qxb7+ 20.
Kxh3 Rxd4 $17) 17... O-O 18. Ne4 (18. Qg3 $5) 18... Nxf4 19. Nf6+ gxf6 20. exf6
(20. Bxb7 Qxb7 21. Rxf4 f5 $17) 20... Bd6 21. Qe3 (21. Bxb7 Qxb7 22. Rxf4 Bxf4
23. Qh4 Kh8 24. Qxf4 Rg8 $17) 21... Kh8 22. Bxb7 e5 23. Rxf4 exf4 (23... exd4
$5 24. Rxd4 Qxb7 25. Rh4 Qd5 26. Qh6 Bc5+ $19) 24. Qf3 Bc5 25. Be4 Bxd4+ 26.
cxd4 Qd6 27. Bxh7 Qxd4+ $1 (27... Kxh7 $4 28. Qh5+ Kg8 29. Qg5+ Kh7 30. Qg7#)
28. Kh1 Qxf6 29. Bc2 (29. Qh5 Kg7 $19) 29... Rfe8 30. Rf1 (30. Qh5+ Kg7 31.
Qh7+ Kf8 $19) 30... Rd2 31. Qh5+ Kg7 32. Bf5 Re5 33. Qg4+ Kf8 34. Bh7 Rg5 35.
Qc8+ Rd8 36. Qxc4 f3 37. Qxb4+ Kg7 38. Be4 Rd4 39. Qb7 f2 40. Bf3 Rd2 41. Qa7
Rxb2 42. a4 Ra2 43. h3 Qf4 44. Qxa6 Re5 45. Qd3 Re1 46. Qc3+ Qf6 0-1

[Event "Hamburg-ch int"]
[Site "Hamburg"]
[Date "1999.05.29"]
[Round "8.13"]
[White "Stanke, Juergen"]
[Black "Hegeler, Frank"]
[Result "1/2-1/2"]
[WhiteElo "2315"]
[BlackElo "2356"]
[Annotator "Ribli,Z"]
[PlyCount "193"]
[EventDate "1999.05.22"]
[EventType "swiss"]
[EventRounds "9"]
[EventCountry "GER"]
[SourceTitle "CBM 072"]
[Source "ChessBase"]
[SourceDate "1999.10.01"]
[SourceVersion "1"]
[SourceVersionDate "1999.10.01"]
[SourceQuality "1"]

{[%mdl 4128]} 1. e4 c5 2. Nf3 Nc6 3. d4 cxd4 4. Nxd4 Qc7 5. Nc3 e6 6. g3 {
Mit diesem Zug kann Weiss eine solide Stellung und etwas Initiative erreichen.
Ribli.} a6 7. Bg2 Nf6 8. O-O Nxd4 {Das ist eine alte Fortsetzung. In der
Grossmeisterpraxis ist die Variante 8...Bc5 sehr beliebt.} 9. Qxd4 Bc5 10. Bf4
d6 {Nach 10...Bxd4 11.Bxc7 entfaltet Weiss positionellen Druck, denn der
schwarze Damenläufer hat Entwicklungsprobleme und die schwarzen sind schwach.}
11. Qd2 h6 12. Rad1 {[%csl Rd6][%cal Rd1d6]} e5 13. Be3 Ke7 {Die
Zentrumstellung ist geschlossen, so dass der schwarze König in der Mitte nicht
schlecht steht.} 14. h3 {Ein prophylaktischer Zug. Weiss bereitet Kh2 und f4
vor, aber die Alternativen sind für Schwarz gefährlicher.} (14. Bxc5 $5) (14.
f4) 14... Be6 {Das ist ein guter Platz für den Läufer. Schwarz kann jetzt den
Zug Nd5+ mit ...Bxd5 beantworten.} (14... b5 15. f4 Bb7 16. fxe5 dxe5 17. Nd5+
Bxd5 18. exd5 Rhd8 19. Kh2 Bxe3 20. d6+ Qxd6 21. Qxd6+ Rxd6 22. Rxd6 Kxd6 23.
Bxa8 {1-0 Orak,L-Kosmac,B/13th Open, Pula CRO 1999 (46)}) 15. Bxc5 Qxc5 (15...
dxc5 $2 16. Nd5+ Bxd5 17. exd5 $16 {[%csl Gd5] Schwarz bleibt ohne Gegenspiel.}
) 16. Kh2 {[%cal Gf2f4]} (16. Na4 Qc6 17. b3 b5 18. Nb2 Rhd8 19. Rfe1 a5 20. c4
b4 21. f4 Ne8 22. Kh2 f6 23. Nd3 Nc7 24. g4 g5 25. fxg5 hxg5 26. Qf2 Rh8 27.
Kg1 Na6 {0-1 Bjerring,K-Kogan,A/Kecskemet 1994/EXP 45 (52)}) 16... Rac8 {
[%cal Gc8c2]} 17. f4 Rhd8 18. Rf2 (18. f5 Bc4 19. Rfe1 (19. Rf2 d5 $11 {
[%cal Gc5f2]}) 19... b5 $11 20. b3 $2 Bxb3 $17 {[%csl Rc3]}) 18... exf4 {
Schwarz hält nicht die Spannung im Zentrum, sondern sucht taktische
Gegenchancen.} (18... Kf8 19. Qe1 Qb4 20. Rb1 b5 21. a3 Qc5 22. Rd1 Qb6 23.
Rfd2 Ke7 24. Nd5+ Bxd5 25. exd5 Nd7 26. Qe4 Kf8 27. Qh7 Nf6 28. Qf5 exf4 29.
Qxf4 Re8 {1/2-1/2 Suetin,A-Wyss,T/Biel Credis 1995/EXP 48 (75)}) (18... Qb6 $5
19. Nd5+ (19. Na4 Qc6 $132) (19. b3 $4 Rxc3 20. Qxc3 Qxf2 $19) 19... Bxd5 20.
exd5 Qxb2 21. fxe5 dxe5 (21... Qxe5 22. Re2 $18 {[%cal Re2e7]}) 22. d6+ Kf8 $13
) 19. gxf4 Qh5 $13 {[%cal Rf6g4,Rg4f2,Rg4h2]} 20. Rff1 (20. Re2 Kf8 $13 (20...
Bg4 $2 {[%cal Rg4d1]} 21. e5 $16)) 20... g5 $5 {Mit diesem Zug möchte Schwarz
die Herrschafft über das Feld e5 erkämpfen.} 21. f5 (21. Nd5+ Bxd5 22. exd5 g4
$13) 21... Bc4 22. Rf3 (22. Rfe1 Ng4+ 23. Kg1 Ne5 $11 {[%csl Ge5]}) 22... Ng4+
23. Kg1 Ne5 {[%csl Ge5] Der schwarze Springer steht auf e5 ausgezeichnet,
während der weisse Läufer zur Passivität verurteilt ist.} 24. Rg3 f6 25. Rc1 {
Weiss verteidigt den c2-Bauern.} (25. Nd5+ Bxd5 26. Qxd5 Kf8 27. Rd2 Qf7 $11)
25... Qe8 (25... Kf8 $5) (25... Qh4 $5) 26. Bf1 Bf7 {Schwarz tauscht nicht den
Läufer, der das Feld d5 verteidigen muss.} (26... Kf8 27. b3 (27. Bxc4 Nxc4 28.
Qd5 Qe5 $15) 27... Bf7) 27. Nd5+ Bxd5 28. Qxd5 {[%csl Ye6,Re7][%cal Rd5e6,
Rd5b7]} Qd7 {[%cal Gc8c5,Gc5d5]} (28... Kf8 $2 29. Qxb7 Rb8 30. Qh7 $16 {
[%csl Rf8][%cal Rh7h6]}) 29. b4 {Weiss verhindert das schwarze Gegenspiel mit .
..Rc5.} Kf8 30. c4 Qf7 31. Rgc3 (31. Qd4 b5 $132) (31. Qxf7+ Kxf7 $11) 31...
Qxd5 {Nach dem Damentausch hat Schwarz keine Probleme, denn sein Springer e5
ist für das Endspiel eine viel wertvollere Figur als der weisse Läufer.} 32.
cxd5 (32. exd5 Rc7 33. Bg2 b6 $13 {[%csl Ge5]}) 32... Rxc3 33. Rxc3 h5 {
[%csl Ge5,Rf1] Schwarz mobilisiert seine Mehrheit am Königsflügel. Er hat
praktisch einen Mehrbauern, denn der weisse e-Bauer ist blockiert. Anderseits
hat Weiss die c-Linie.} 34. Be2 (34. Rc7 $5 Rd7 35. Rc8+ Ke7 $11) 34... h4 35.
b5 (35. a4 $11 {[%cal Ga4a5]}) 35... axb5 36. Bxb5 Nd7 {[%csl Yc5][%cal Gd7c5]
Der Springer strebt nach c5, um eine andere gute Blockadestellung einzunehmen.}
37. Bxd7 $1 {Weiss muss die wertvolle schwarze Figur tauschen.} Rxd7 38. Kg2
Ke7 39. Kf3 Kd8 40. Kg4 Rc7 {[%cal Gc7c1]} 41. Rb3 (41. Rxc7 $2 Kxc7 42. Kf3
Kb6 43. Ke3 Kc5 44. Kf3 (44. Kd3 g4 45. hxg4 h3 $19) 44... Kd4 $19) 41... Rh7
42. Ra3 $14 {[%cal Ga3a8,Ga8h8]} Kd7 43. Ra7 Kc7 44. Ra8 Re7 45. Kf3 Rf7 {
Dre weisse Turm ist aktiv, aber Schwarz kann sich verteidigen. Weiss muss mit
dem König am Königsflügel bleiben, denn in einigen Varianten hat Schwarz den
Durchbruch mit ...g5-g4. Der schwarze Turm steht passiv auf der 7. Reihe.} 46.
Re8 Kd7 47. Ra8 Kc7 48. a4 Kb6 {[%csl Gb6] Schwarz aktiviert den König.} 49.
Rc8 {[%cal Gc8c1]} Ka5 50. Rd8 {[%csl Rd6][%cal Rd8d6]} (50. Ra8+ Kb4) 50...
Kxa4 51. Rxd6 b5 {[%csl Gb5] Das schwarze Gegenspiel liegt im b-Freibauern.}
52. Ra6+ (52. e5 $5 fxe5 53. Ke4 {[#]Weiss hat einen Bauern weniger, aber
seine Figuren stehen aktiv und seine d5- und f5-Bauern sind weit vorne, was
für Schwarz gefährlich ist.}) 52... Kb3 53. Kg4 $2 (53. e5 $5 fxe5 54. Ke4 $16)
53... Kc4 {[%csl Gc4]} 54. e5 $6 {In den letzten Zügen war das weisse Spiel
nicht logisch. Früher konnte er e4-e5 nebst Ke4 spielen, aber nach 53.Kg4 wäre
Kh5-g6 logischer.} (54. Kh5 $5) 54... fxe5 55. d6 e4 $1 $15 {[%csl Ge4]} (55...
b4 56. Kxg5 b3 57. Rc6+ $14) 56. Kxg5 e3 57. Kf4 e2 58. Ra1 Rd7 59. Ke5 (59.
Re1 Kd3) 59... b4 (59... Rd8 $2 {[%cal Gd8e8,Ge8e1]} 60. f6 Re8+ 61. Kf5 e1=Q
62. Rxe1 Rxe1 63. d7 $18) 60. Ke6 Ra7 $1 61. Re1 (61. Rxa7 e1=Q+ $19) 61... Kd3
62. f6 Kd2 63. f7 (63. Rxe2+ Kxe2 64. d7 Ra8 65. Ke7 b3 66. f7 b2 67. f8=Q Rxf8
68. Kxf8 b1=Q 69. d8=Q Qf5+ $15 {[%cal Rf5f8,Rf5h3] In der Partie erreichen
wir ein ähnliches Endspiel.}) 63... Ra8 64. Rb1 e1=Q+ 65. Rxe1 Kxe1 66. Ke7 b3
67. f8=Q Rxf8 68. Kxf8 b2 69. d7 b1=Q 70. d8=Q Qf5+ {[%cal Rf5f8,Rf5h3] Nach
forcierten Varianten haben wir ein Endspiel mit schwarzen Gewinnchancen. Er
gewinnt den Bauern h3 und sein Plan ist klr: Vormarsch mit dem h-Bauern. Wenn
überhaupt möglich, ist der Gewinn noch fern, denn in Damenendspielen gibt es
immer viele Remismöglichkeiten.} 71. Kg7 Qxh3 72. Qa5+ Kf1 73. Kh8 $1 {[%csl
Gh8] Das ist eine gute Verteidigung. Der König des Verteidigers ist weit vom
h-Bauern entfernt. Das bedeutet, dass Schwarz im folgenden weniger
Gegenschachmöglichkeiten hat.} Qc8+ 74. Kg7 Qd7+ 75. Kh8 Qe8+ 76. Kh7 Qe4+ 77.
Kh8 Qd4+ {Schwarz zentralisiert die Dame, was ist ein Schlüsselmotiv in
Damenendspielen ist.} 78. Kh7 Qd3+ 79. Kh8 h3 80. Qa1+ $1 {Weiss gibt Schachs
von der langen Diagonalen und wenn möglich weit vom König entfernt. Auf diese
Weise hat die besten Chancen.} Kf2 (80... Kg2 81. Qg7+ Qg3 82. Qb2+ $15) 81.
Qb2+ Ke3 82. Qe5+ Kd2 (82... Qe4 83. Qc3+ {[%cal Rc3h3]} Qd3 84. Qe5+ $15) 83.
Qb2+ Ke3 (83... Qc2 84. Qd4+ $15) 84. Qe5+ Kf3 85. Qf6+ Kg4 (85... Kg2 86. Qb2+
Kg1 87. Qc1+ $15) 86. Qg7+ Kf4 87. Qh6+ Kg3 (87... Ke4 88. Qe6+ Kd4 89. Qd6+
Kc3 (89... Ke3 90. Qe5+) 90. Qa3+ Kc2 91. Qa2+ Kd1 92. Qa1+ Ke2 93. Qb2+ $15)
88. Qg7+ Kh2 89. Qe5+ Kg2 90. Qb2+ Kg1 91. Qc1+ Kg2 (91... Qf1 92. Qe3+ Kh1 93.
Qe4+ Qg2 94. Qe1+ Qg1 95. Qe4+ Kh2 96. Qf4+ Qg3 97. Qd2+ $15) 92. Qb2+ Kf3 93.
Qf6+ Ke3 94. Qe5+ Kd2 95. Qb2+ Qc2 96. Qd4+ Qd3 97. Qb2+ {Und die Partie wurde
remis gegeben. Schwarz kann nicht vorankommen.} 1/2-1/2

[Event "Altensteig"]
[Site "Altensteig"]
[Date "1994.??.??"]
[Round "9"]
[White "Har Zvi, Ronen"]
[Black "Zvjaginsev, Vadim"]
[Result "1/2-1/2"]
[WhiteElo "2470"]
[BlackElo "2585"]
[Annotator "Ribli,Z"]
[PlyCount "46"]
[EventDate "1994.08.??"]
[EventType "tourn"]
[EventRounds "11"]
[EventCountry "GER"]
[EventCategory "12"]
[SourceTitle "CBM 043"]
[Source "ChessBase"]
[SourceDate "1994.12.01"]
[SourceVersion "1"]
[SourceVersionDate "1994.12.01"]
[SourceQuality "1"]

1. e4 c5 2. Nf3 Nc6 3. d4 cxd4 4. Nxd4 Qc7 5. Nc3 e6 6. g3 a6 7. Bg2 d6 8. O-O
Bd7 9. Re1 Be7 10. Nxc6 Bxc6 11. a4 (11. Qg4 $5 h5 12. Qe2 h4 13. Bf4 Rc8 14.
Rad1 e5 15. Be3 Nf6 $10 {Stefansson,H-Zvjaginsev,V/Reykjavik op/1994/EXP39/})
11... Nf6 12. Be3 O-O 13. Qe2 (13. a5 Nd7 14. Na4 Rae8 15. Nb6 f5 $10 {Vogt,
L-Cramling,P/Valby K41/1991/CBM27/}) 13... Rac8 14. h3 Rfe8 15. Red1 (15. Rad1
Qa5 $10) 15... d5 $5 $10 16. exd5 Nxd5 17. Nxd5 Bxd5 18. Bxd5 exd5 19. Rxd5 Bc5
$1 20. Rd3 Bxe3 21. Rxe3 Rxe3 22. Qxe3 Qxc2 23. Qd4 h6 1/2-1/2